Fangirl / (Record no. 99798)
[ view plain ]
| 000 -LEADER | |
|---|---|
| fixed length control field | 01741cam a22003978i 4500 |
| 001 - CONTROL NUMBER | |
| control field | BK0012755583 |
| 003 - CONTROL NUMBER IDENTIFIER | |
| control field | DLC |
| 005 - DATE AND TIME OF LATEST TRANSACTION | |
| control field | 20241220135111.0 |
| 008 - FIXED-LENGTH DATA ELEMENTS--GENERAL INFORMATION | |
| fixed length control field | 130423s2013 nyu 000 1 eng |
| 010 ## - LIBRARY OF CONGRESS CONTROL NUMBER | |
| LC control number | 2013013842 |
| 020 ## - INTERNATIONAL STANDARD BOOK NUMBER | |
| International Standard Book Number | 9781250030955 : HRD |
| Terms of availability | $18.99 |
| 020 ## - INTERNATIONAL STANDARD BOOK NUMBER | |
| International Standard Book Number | 1250030951 : HRD |
| Terms of availability | $18.99 |
| Cancelled/invalid ISBN | 9781250030962 (e-book) |
| 037 ## - SOURCE OF ACQUISITION | |
| Source of stock number/acquisition | St Martins Pr, C/O Mps 16365 James Madison Hwy Us Hwy 15, Gordonsville, VA, USA, 22942, (212)6745151 |
| Note | SAN 631-5011 |
| 040 ## - CATALOGING SOURCE | |
| Original cataloging agency | DLC |
| Language of cataloging | eng |
| Transcribing agency | DLC |
| Description conventions | rda |
| Modifying agency | NjBwBT |
| 050 14 - LIBRARY OF CONGRESS CALL NUMBER | |
| Classification number | PZ7.R79613 |
| Item number | Fan 2013b |
| 082 04 - DEWEY DECIMAL CLASSIFICATION NUMBER | |
| Classification number | [Fic] |
| Edition number | 23 |
| 092 ## - LOCALLY ASSIGNED DEWEY CALL NUMBER (OCLC) | |
| Classification number | FIC |
| 092 ## - LOCALLY ASSIGNED DEWEY CALL NUMBER (OCLC) | |
| Classification number | ROWELL |
| 100 1# - MAIN ENTRY--PERSONAL NAME | |
| Personal name | Rowell, Rainbow. |
| 9 (RLIN) | 5943206 |
| 245 10 - TITLE STATEMENT | |
| Title | Fangirl / |
| Statement of responsibility, etc | Rainbow Rowell. |
| 250 ## - EDITION STATEMENT | |
| Edition statement | First St. Martin's Griffin edition. |
| 260 ## - PUBLICATION, DISTRIBUTION, ETC. (IMPRINT) | |
| Name of publisher, distributor, etc | St Martins Pr |
| Date of publication, distribution, etc | 2013 |
| 263 ## - PROJECTED PUBLICATION DATE | |
| Projected publication date | 1309 |
| 264 #1 - Production, Publication, Distribution, Manufacture, and Copyright Notice. | |
| Place of production, publication, distribution, manufacture | New York : |
| Name of producer, publisher, distributor, manufacturer | St. Martin's Griffin, |
| Date of production, publication, distribution, manufacture, or copyr | 2013. |
| 300 ## - PHYSICAL DESCRIPTION | |
| Extent | 438 |
| 336 ## - Content Type | |
| Content type term | text |
| 337 ## - Media type | |
| Media type term | unmediated |
| 338 ## - Carrier type | |
| Carrier type term | volume |
| 520 ## - SUMMARY, ETC. | |
| Summary, etc | Feeling cast off when her best friend outgrows their shared love for a favorite celebrity, Cath, a dedicated fan-fiction writer, struggles to survive on her own in her first year of college while avoiding a surly roommate, bonding with a handsome classmate who only wants to talk about words and worrying about her fragile father. |
| 520 ## - SUMMARY, ETC. | |
| Summary, etc | Cath struggles to survive on her own in her first year of college while avoiding a surly roommate, bonding with a handsome classmate who only wants to talk about words, and worrying about her fragile father. |
| 650 #1 - SUBJECT ADDED ENTRY--TOPICAL TERM | |
| Topical term or geographic name as entry element | Groupies |
| Form subdivision | Fiction. |
| 9 (RLIN) | 6517219 |
| 650 #1 - SUBJECT ADDED ENTRY--TOPICAL TERM | |
| Topical term or geographic name as entry element | Authorship |
| Form subdivision | Fiction. |
| 9 (RLIN) | 5701087 |
| 650 #1 - SUBJECT ADDED ENTRY--TOPICAL TERM | |
| Topical term or geographic name as entry element | Interpersonal relations |
| Form subdivision | Fiction. |
| 9 (RLIN) | 5673978 |
| 942 ## - ADDED ENTRY ELEMENTS (KOHA) | |
| Koha item type | BOOK |
| 998 ## - LOCAL CONTROL INFORMATION (RLIN) | |
| -- | a175236 |
| Withdrawn status | Lost status | Source of classification or shelving scheme | Damaged status | Not for loan | Collection code | Home library | Current library | Shelving location | Date acquired | Source of acquisition | Total Checkouts | Total Renewals | Full call number | Barcode | Date last seen | Date checked out | Cost, replacement price | Price effective from | Koha item type |
|---|---|---|---|---|---|---|---|---|---|---|---|---|---|---|---|---|---|---|---|
| Dewey Decimal Classification | Young Adult Fiction | Wasatch County Library | Wasatch County Library | Main Floor Teen Area | 08/18/2023 | Amazon | 5 | 7 | YA Rowell | 34301002036855 | 11/03/2025 | 07/09/2025 | 20.00 | 08/18/2023 | BOOK |
